Database System Concepts (Record no. 3525)

MARC details
000 -LEADER
fixed length control field 00348nam a2200145Ia 4500
008 - FIXED-LENGTH DATA ELEMENTS--GENERAL INFORMATION
fixed length control field 191201s2006 xx 000 0 und d
082 ## - DEWEY DECIMAL CLASSIFICATION NUMBER
Classification number 005.74
Item number SID
100 ## - MAIN ENTRY--PERSONAL NAME
Personal name SILBERSCHATZ, Abraham ,Korth
245 #0 - TITLE STATEMENT
Title Database System Concepts
250 ## - EDITION STATEMENT
Edition statement 5th
260 ## - PUBLICATION, DISTRIBUTION, ETC. (IMPRINT)
Place of publication, distribution, etc N.Delhi
Name of publisher, distributor, etc MGH
Date of publication, distribution, etc 2006
300 ## - PHYSICAL DESCRIPTION
Extent 1142
650 ## - SUBJECT ADDED ENTRY--TOPICAL TERM
Topical term or geographic name as entry element B.Tech(CSE)
942 ## - ADDED ENTRY ELEMENTS (KOHA)
Source of classification or shelving scheme Dewey Decimal Classification
Koha item type Text Books
Holdings
Withdrawn status Lost status Source of classification or shelving scheme Damaged status Not for loan Collection code Home library Current library Date acquired Source of acquisition Cost, normal purchase price Bill Number Total Checkouts Full call number Acc. no. / Barcode Date last seen Bill Date Koha item type Date last borrowed
    Dewey Decimal Classification     B.Tech(CSE) PIET C-LIBRARY PIET C-LIBRARY 03/10/2008 J B C, New Delhi 9.50 S1-2185   005.74 SID 9401 04/12/2019 01/08/2008 Text Books  
    Dewey Decimal Classification     B.Tech(CSE) PIET C-LIBRARY PIET C-LIBRARY 03/10/2008 J B C, New Delhi 9.50 S1-2185 1 005.74 SID 9402 04/04/2022 01/08/2008 Text Books 23/03/2022
    Dewey Decimal Classification     B.Tech(CSE) PIET C-LIBRARY PIET C-LIBRARY 03/10/2008 J B C, New Delhi 9.50 S1-2185   005.74 SID 9403 04/12/2019 01/08/2008 Text Books  
    Dewey Decimal Classification     B.Tech(CSE) PIET C-LIBRARY PIET C-LIBRARY 03/10/2008 J B C, New Delhi 9.50 S1-2185 3 005.74 SID 9404 03/04/2024 01/08/2008 Text Books 21/03/2024
    Dewey Decimal Classification     B.Tech(CSE) PIET C-LIBRARY PIET C-LIBRARY 03/10/2008 J B C, New Delhi 9.50 S1-2185 2 005.74 SID 9405 15/03/2024 01/08/2008 Text Books 23/02/2024

Design & Developed by: PIET Central Library
R70 Miles Stone Pattikalyana Samalkha Panipat 132102
mail ID :- [email protected], Phone No:- 0180-2569700 Ex.216